| 000 | 00889nam a22001935i 4500 | ||
|---|---|---|---|
| 001 | 158744 | ||
| 003 | ES-MaACL | ||
| 005 | 20250930063138.0 | ||
| 008 | 040903s1884 sp |||| | spa d | ||
| 040 |
_aCAM _bspa _cCAM |
||
| 100 | 1 |
_aMariani y Larrión, Juan Manuel, _d1853-1909 _976681 |
|
| 245 | 1 | 0 |
_aMemoria leida en la Academia Médico-Quirúrgica Española en la sesion inaugural del año académico de 1884-1885 / _cpor Juan Manuel Mariani y Larrion. |
| 260 |
_aMadrid : _b[s.n.], _c1884 ( _fImprenta de Enrique Teodoro) |
||
| 300 |
_a72 p. ; _c21 cm. |
||
| 500 | _aEl tema de la memoria es: Rémoras que dificultan en España la cooperacion al progreso de la medicina. | ||
| 710 | 0 |
_aAcademia Médico-Quirúrgica Española. _91209 |
|
| 852 |
_aES-MaACL _jT-428-F-19 _z-- Enc. hol. _q-- Falto de la cub. original _z-- Enc. en un vol. facticio |
||
| 999 |
_c158744 _d158744 |
||